Pôsobenie EÚ na africkom kontinente bakalárska práca

Gespeichert in:
Bibliographische Detailangaben
1. Verfasser: Boorová, Zuzana
Körperschaft: Fakulta medzinárodných vzťahov EU. Katedra medzinárodných politických vzťahov
Weitere Verfasser: Kucharčík, Rudolf, 1977-
Format: Buch
Sprache:Slowakisch
Veröffentlicht: Bratislava 2012
Tags: Tag hinzufügen
Keine Tags, Fügen Sie das erste Tag hinzu!

MARC

LEADER 00000nbm a2200000 4500
001 0153643
005 20161109111800.3
041 0 |a slo 
044 |a SK 
245 1 0 |a Pôsobenie EÚ na africkom kontinente  |b bakalárska práca  |c Zuzana Boorová ; školiteľ: Rudolf Kucharčík 
264 1 |a Bratislava  |c 2012 
300 |a 54 s. 
100 1 |a Boorová, Zuzana 
700 1 |a Kucharčík, Rudolf, 1977- 
710 2 |a Fakulta medzinárodných vzťahov EU. Katedra medzinárodných politických vzťahov